000 00479nam a2200181Ia 4500
005 20250423100628.0
008 250422s9999 xx 000 0 und d
020 _a9783355228
050 _aHG 4011 .O98/
100 _aOwualah, Sunday I.
245 0 _aPrinciples of financial management
260 _aIkeja, Lagos Nigeria
260 _bG-MaG Investment Ltd. Educational Publishers
260 _c2017
300 _a361 p
650 _aCorporations--Finance.
942 _cBK
999 _c33880
_d33880